000 00490nam a2200169Ia 4500
008 230917s9999||||xx |||||||||||||| ||und||
020 _cRS 1295.00
040 _e5015321
_aMAIN
041 _aEnglish
082 _a307.7720954 R18T
100 _aRao, V Srinivasa, ed.
245 0 _aTribal livelihood and governance: Regional concerns
260 _aJaipur
_bRawat Publications
_c2021
300 _axviii, 291 p.
500 _a4442 21/01/2022 HBD22/9207 25/01/2022 Main Budget
942 _cBK
999 _c4986
_d4986